| 000 | 00539nam a22001937a 4500 | ||
|---|---|---|---|
| 005 | 20180628102557.0 | ||
| 010 | _aENG-123226 | ||
| 020 |
_a9788180548918 _c365.00 |
||
| 035 | _aEN-106758 | ||
| 037 | _bDBAD/PUB | ||
| 082 | _a658 | ||
| 100 | _aPrasad, L.M. | ||
| 245 |
_aPrinciples and practice of management/ _cby L.M. Prasad |
||
| 260 |
_aNew Delhi _bSultan Chand _c1979 |
||
| 270 |
_a23, Daryaganj, _bNew Delhi _e110002 |
||
| 300 |
_a776p. _c22cm(Hb) |
||
| 500 | _aIt include index | ||
| 942 |
_2ddc _cEN _mPRA _h658 |
||
| 999 |
_c152709 _d152709 |
||